ARRUPE JESUIT UNIVERSITY

CORONAVIRUS -STOP THE SPREAD - CLEAN,DISINFECT,COVER

The Beatitudes (Record no. 121326)

MARC details
000 -LEADER
fixed length control field 00410nam a22001337a 4500
005 - DATE AND TIME OF LATEST TRANSACTION
control field 20141128020005.0
008 - FIXED-LENGTH DATA ELEMENTS--GENERAL INFORMATION
fixed length control field 141126b xxu||||| |||| 00| 0 eng d
050 ## - LIBRARY OF CONGRESS CALL NUMBER
Classification number BT382.
Item number M168 2006
100 ## - MAIN ENTRY--PERSONAL NAME
Personal name McMurray, Michael
9 (RLIN) 12878
245 ## - TITLE STATEMENT
Title The Beatitudes
Remainder of title Jesus' guide to happy living
Statement of responsibility, etc McMurray, Michael
260 ## - PUBLICATION, DISTRIBUTION, ETC. (IMPRINT)
Place of publication, distribution, etc Herefordshire
Name of publisher, distributor, etc Gracewing
Date of publication, distribution, etc 2006
300 ## - PHYSICAL DESCRIPTION
Extent iv, 77p.;
Dimensions 22cm.
942 ## - ADDED ENTRY ELEMENTS (KOHA)
Source of classification or shelving scheme Library of Congress Classification
Item type Monograph ( Printed materials)
Koha issues (borrowed), all copies 1
Holdings
Withdrawn status Lost status Source of classification or shelving scheme Damaged status Not for loan Collection code Home library Current library Shelving location Date acquired Total Checkouts Full call number Barcode Date last seen Date last borrowed Price effective from Koha item type
    Library of Congress Classification     Main Collection ARRUPE LIBRARY ARRUPE LIBRARY Main Collection 26/11/2014 1 BT382. M168 2006 46500001180 27/11/2014 27/11/2014 26/11/2014 Monograph ( Printed materials)

 

Arrupe Library. PO Box MP320 Mt Pleasant, Harare, Zimbabwe
263 242 745411|librarian@aju.ac.zw